000
00275nam a2200109Ia 4500
008
230907s9999||||xx |||||||||||||| ||und||
082
_a
621.3192
_b
BOY
245
0
_a
Introductory circuit analysis /
260
_a
Pearson,
_b
New Delhi :
_c
2018
300
_a
1092 p.
942
_c
BK
999
_c
600555
_d
600555